The Dynamic magnetosphere (Record no. 18409)

MARC details
000 -LEADER
fixed length control field 00647nam a2200217Ia 4500
003 - CONTROL NUMBER IDENTIFIER
control field IN-BaIIA
008 - FIXED-LENGTH DATA ELEMENTS--GENERAL INFORMATION
fixed length control field 211028s9999 xx 000 0 eng d
020 ## - INTERNATIONAL STANDARD BOOK NUMBER
International Standard Book Number 978-94-007-0500-5
040 ## - CATALOGING SOURCE
Transcribing agency IIA Library
080 ## - UNIVERSAL DECIMAL CLASSIFICATION NUMBER
Universal Decimal Classification number 551.510.537
Item number THE
245 #4 - TITLE STATEMENT
Title The Dynamic magnetosphere
Statement of responsibility, etc. edited by William Liu and Masaki Fujimoto
260 ## - PUBLICATION, DISTRIBUTION, ETC.
Place of publication, distribution, etc. Dordrecht
Name of publisher, distributor, etc. Springer
Date of publication, distribution, etc. 2011
300 ## - PHYSICAL DESCRIPTION
Extent xiv, 368p.
490 ## - SERIES STATEMENT
Series statement IAGA special sopron book series; 3
650 ## - SUBJECT ADDED ENTRY--TOPICAL TERM
Topical term or geographic name entry element Magnetosphere
9 (RLIN) 3270
650 ## - SUBJECT ADDED ENTRY--TOPICAL TERM
Topical term or geographic name entry element Solar wind
9 (RLIN) 5747
650 ## - SUBJECT ADDED ENTRY--TOPICAL TERM
Topical term or geographic name entry element Waves and turbulence
9 (RLIN) 35336
700 ## - ADDED ENTRY--PERSONAL NAME
Personal name Fujimoto, Masaki, ed.
9 (RLIN) 35337
700 ## - ADDED ENTRY--PERSONAL NAME
Personal name Liu, William, ed.
9 (RLIN) 35338
942 ## - ADDED ENTRY ELEMENTS (KOHA)
Koha item type Books
Holdings
Withdrawn status Lost status Damaged status Not for loan Home library Current library Shelving location Date acquired Source of acquisition Cost, normal purchase price Total Checkouts Full call number Barcode Date last seen Cost, replacement price Price effective from Koha item type Purchase Price
        IIA Library-Bangalore IIA Library-Bangalore General Stacks 11/10/2012 EDS 6774.61   551.510.537/ THE 19331 05/11/2021 6774.61 11/10/2012 Books Rs. 6774.61

Powered by Koha